Spotify - Top Monde 2025 (Artistes, Titres et Albums) - Statistiques

Statistiques générales
  • Ce quiz a été pris 249 fois
  • Le résultat moyen est 11 sur 30
Statistiques - réponses
Top 10 des artistes % Correct
2 Taylor Swift
84%
3 The Weeknd
78%
1 Bad Bunny
68%
10 Un Verano Sin Ti - Bad Bunny
68%
1 DeBÍ TiRAR MáS FOToS - Bad Bunny
60%
7 Bruno Mars
59%
5 Billie Eilish
58%
3 HIT ME HARD AND SOFT - Billie Eilish
58%
6 MAYHEM - Lady Gaga
56%
4 Drake
54%
5 Short n’ Sweet - Sabrina Carpenter
53%
8 Ariana Grande
51%
6 Kendrick Lamar
43%
9 GNX - Kendrick Lamar
43%
4 SOS Deluxe: LANA - SZA
33%
3 APT. - ROSÉ & Bruno Mars
30%
5 DtMF - Bad Bunny
26%
2 KPop Demon Hunters (Soundtrack from the Netflix Film) - KPop Demon Hunters Cast, HUNTR/X, Saja Boys
23%
1 Die With A Smile - Bruno Mars & Lady Gaga
22%
7 Golden - HUNTR/X, EJAE, AUDREY NUNA, REI AMI & KPop Demon Hunters Cast
21%
2 BIRDS OF A FEATHER - Billie Eilish
19%
10 Wildflower - Billie Eilish
11%
4 Ordinary - Alex Warren
11%
7 You’ll Be Alright, Kid - Alex Warren
10%
8 luther - Kendrick Lamar & SZA
9%
6 back to friends - sombr
6%
9 That’s So True - Gracie Abrams
6%
9 Arijit Singh
4%
10 Fuerza Regida
4%
8 I’m The Problem - Morgan Wallen
3%
Aucun quiz correspondant
Distribution des résultats
% des personnes avec chaque résultat
Percentile par nombre de réponses
Votre historique - résultats
Vous n’avez pas pris ce quiz